000 01019nam a22002537a 4500
005 20170124103104.0
010 _aA-923270
020 _c150.00
_a8173152233
035 _aA-923270
037 _bCen Lib/Ret
040 _aDPL
_bHN
082 _a
_bरामवृ
100 _aरामवृक्ष बेनीपुरी
_977890
245 _aजंजीरें और दीवारें /
_cरामवृक्ष बेनीपुरी
246 _aZanziren or deewaren
_bby Ramvrksh Benipuri
260 _aनई दिल्ली
_bप्रभात प्रकाशन
_c1997
270 _a4/19, असफ अली रोड
_bनई दिल्ली
_e110002
300 _a167पृष्ठ.
_c21सेमी(सजिल्द)
650 _aहिंदी साहित्य
_977891
650 _aहिंदी कहानी
_977892
650 _aHindi literature
_977893
650 _aHindi story
_943117
942 _2ddc
_cHN
_h
_mरामवृ
999 _c118000
_d118000